International bank insolvencies: a central bank perspective (Record no. 47287)

MARC details
000 -LEADER
fixed length control field 01095nam a2200253 a 4500
008 - FIXED-LENGTH DATA ELEMENTS--GENERAL INFORMATION
fixed length control field 120416s1999 ||||||||||||||||| || u
020 ## - INTERNATIONAL STANDARD BOOK NUMBER
International Standard Book Number 9041197281
050 ## - LIBRARY OF CONGRESS CALL NUMBER
Classification number K 81 Int
100 ## - MAIN ENTRY--PERSONAL NAME
Personal name Heinrich, Gregor
245 10 - TITLE STATEMENT
Title International bank insolvencies: a central bank perspective
Statement of responsibility, etc. edited by Mario Giovanoli and Gregor Heinrich
260 ## - PUBLICATION, DISTRIBUTION, ETC.
Place of publication, distribution, etc. London:
Name of publisher, distributor, etc. Kluwer Law International
Date of publication, distribution, etc. 1999
300 ## - PHYSICAL DESCRIPTION
Extent xlv, 432 p.
350 ## - PRICE (NR) (BK AM CF MU VM SE) [OBSOLETE]
Price 0.00
490 ## - SERIES STATEMENT
Series statement International banking, finance and economic law series
500 ## - GENERAL NOTE
General note At head of title: SMU Institute of International Banking and Finance, Dallas, Texas ...
650 ## - SUBJECT ADDED ENTRY--TOPICAL TERM
Topical term or geographic name entry element BANKS AND BANKING, CENTRAL
650 ## - SUBJECT ADDED ENTRY--TOPICAL TERM
Topical term or geographic name entry element BANKING
650 ## - SUBJECT ADDED ENTRY--TOPICAL TERM
Topical term or geographic name entry element BANK FAILURES--LAW AND LEGISLATION
650 ## - SUBJECT ADDED ENTRY--TOPICAL TERM
Topical term or geographic name entry element BANKRUPTCY
650 ## - SUBJECT ADDED ENTRY--TOPICAL TERM
Topical term or geographic name entry element BANKING AND BANKS, INTERNATIONAL--LAW AND LEGISLATION
700 ## - ADDED ENTRY--PERSONAL NAME
Personal name Giovanoli, Mario
710 ## - ADDED ENTRY--CORPORATE NAME
Corporate name or jurisdiction name as entry element Southern Methodist University. Institute of International Banking and Finance
995 ## - RECOMMENDATION 995 [LOCAL, UNIMARC FRANCE]
-- 0.00
-- CBU-MAIN LIBRARY (Kitwe)
-- 1
-- 0.00
-- 1
-- AVAILABLE
-- Annex Low-Usage Collection
Holdings
Withdrawn status Lost status Source of classification or shelving scheme Damaged status Not for loan Home library Current library Shelving location Date acquired Total Checkouts Full call number Barcode Date last seen Price effective from Koha item type
          CBU-MAIN LIBRARY, KITWE. CBU-MAIN LIBRARY, KITWE.   11/30/2022   K 81 Int 45369 11/30/2022 11/30/2022 MONOGRAPH